Oxford Dictionary of English Idioms

Spremljeno u:
Bibliografski detalji
Format: Nepoznato
Jezik:English
Izdano: 1993
Teme:
Oznake: Dodaj oznaku
Bez oznaka, Budi prvi tko označuje ovaj zapis!
Thư viện lưu trữ: Mạng thư viện Đại học Đà Nẵng
LEADER 00935ca a2200277 4500
001 000032241
003 8320
005 20151022000000.0
008 151002s1993 000 eng
041 |a eng 
082 |a 423  |b CO-A 
245 |a Oxford Dictionary of English Idioms  |c A P Cowie 
260 |c 1993 
650 |a Oxford Dictionary of English Idioms, A P Cowie, Dictionary, English Idioms 
852 |b Đọc  |c TỪ ĐIỂN 
OWN |a LNN 
AVA |a UDN50  |b LNN  |c English  |d 423 CO-A  |e available  |t Error 5001 Not defined in file expand_doc_bib_avail.  |f 2  |g 0  |h N  |i 0  |j AN  |k 1 
999 |a From the UDN01 
AVA |a UDN50  |b LNN  |c English  |d 423 CO-A  |e available  |t Error 5001 Not defined in file expand_doc_bib_avail.  |f 2  |g 0  |h N  |i 0  |j AN  |k 1 
980 |a Mạng thư viện Đại học Đà Nẵng